00383nam a2200121Ia 4500008004100000245004600041245001300087260000900100650001200109856004800121999001900169952007300188171211s9999 xx 000 0 und d aGerman Demystified: A Self Teaching Guide cEd Swick c2007 xCULTURE uhttp://down.ebook777.com/061/0071475613.pdf c347860d347860 001040aCLbCLd2017-12-11l0r2017-12-11 00:00:00w2017-12-11yCBE